Diccionario histórico de la dictadura cívico-militar en Chile: período 1973-1990 y sus prolongaciones hasta hoy

Guardat en:
Dades bibliogràfiques
Autor principal: Pozo Artigas, José Rafael del (Autor)
Format: Llibre
Idioma:espanyol
Publicat: Santiago, Chile Lom Ediciones 2018
Edició:Primera edición
Col·lecció:Colección Historia
Matèries:
Etiquetes: Afegir etiqueta
Sense etiquetes, Sigues el primer a etiquetar aquest registre!

MARC

LEADER 00000cam a2200000 a 4500
001 UCC7904
003 CL-VaPUC
005 20241213123346.0
008 190520e20180000cl |||||||||||||||||spa|d
040 |c Pontificia Universidad Católica de Valparaíso 
082 0 4 |a 983.00361 POZ 2018  |2 21 
100 0 |a Pozo Artigas, José Rafael del  |e author  |9 602641 
245 1 0 |a Diccionario histórico de la dictadura cívico-militar en Chile:  |b  período 1973-1990 y sus prolongaciones hasta hoy 
250 |a Primera edición 
260 |a Santiago, Chile  |b Lom Ediciones  |c 2018 
300 |a 508 páginas 
490 0 |a Colección Historia 
583 |a last modification  |c 20190520 16:29:00  |k Rodrigo Vera 
650 0 |a Diccionarios  |x HISTORIA DE CHILE  |9 256200 
650 0 |a Dictadura militar  |y 1973-1990  |z CHILE  |9 389291 
650 0 |a Historia de Chile siglo 20  |y SIGLO 20  |9 268145 
852 |a BIBCUR 
942 |c BK  |2 ddc 
945 |d 20190520 16:29:00  |a dcastane 
999 |c 374417  |d 374415 
952 |0 0  |1 0  |2 ddc  |3 erb  |4 0  |6 983_003610000000000_POZ_2018  |7 0  |8 A  |9 492941  |a BIBHIS  |b BIBHIS  |d 2019-05-08  |e 11  |g 21501.00  |i 554923K  |l 3  |o 983.00361 POZ 2018  |p 554923K  |r 2025-04-10  |s 2025-03-17  |t 1  |v 21501.00  |w 2019-11-24  |y BK  |z Catalogado en:20190520  |k HIS